| 000 | 00498nam a2200169 a 4500 | ||
|---|---|---|---|
| 001 | 2701 | ||
| 003 | CDMR | ||
| 005 | 20130315134126.0 | ||
| 008 | 130130s1997||||||||||||||||||||||||||||d | ||
| 020 | _a8489727481 | ||
| 040 |
_aCDMR _bcat _cCPC LLEIDA |
||
| 100 | 1 |
_aBalsells Bailon, Maria Àngels _92028 |
|
| 245 | 1 | 0 |
_aMaltractament intantil i educació familiar _cM. Àngels Balsells i Bailón |
| 260 |
_aLleida _c1997 _bUniversitat de Lleida |
||
| 490 | 0 |
_aEducació i Món actual _v6 |
|
| 942 |
_cMON _2udc |
||
| 999 |
_c2701 _d2701 |
||